<?xml version="1.0" encoding="UTF-8"?>
<record
    xmlns:xsi="http://www.w3.org/2001/XMLSchema-instance"
    xsi:schemaLocation="http://www.loc.gov/MARC21/slim http://www.loc.gov/standards/marcxml/schema/MARC21slim.xsd"
    xmlns="http://www.loc.gov/MARC21/slim">

  <leader>02826nam a2200337 i 4500</leader>
  <datafield tag="952" ind1=" " ind2=" ">
    <subfield code="0">0</subfield>
    <subfield code="1">0</subfield>
    <subfield code="2">ddc</subfield>
    <subfield code="4">0</subfield>
    <subfield code="7">0</subfield>
    <subfield code="8">GEN</subfield>
    <subfield code="a">FUSBC</subfield>
    <subfield code="b">FUSBC</subfield>
    <subfield code="d">2019-06-07</subfield>
    <subfield code="l">0</subfield>
    <subfield code="o">340.114 M156</subfield>
    <subfield code="p">14141</subfield>
    <subfield code="r">2019-12-12 00:00:00</subfield>
    <subfield code="t">Ej. 1</subfield>
    <subfield code="w">2019-06-07</subfield>
    <subfield code="y">BK</subfield>
    <subfield code="k">22</subfield>
    <subfield code="I">INV2023</subfield>
  </datafield>
  <datafield tag="999" ind1=" " ind2=" ">
    <subfield code="c">65093</subfield>
    <subfield code="d">65093</subfield>
  </datafield>
  <controlfield tag="001">768714001</controlfield>
  <controlfield tag="003">CO-MdFUSB</controlfield>
  <controlfield tag="005">20190716131902.0</controlfield>
  <controlfield tag="008">190607t2011    ck  |||| |||| 00| 0 spa d</controlfield>
  <datafield tag="020" ind1=" " ind2=" ">
    <subfield code="a">9789588697048</subfield>
  </datafield>
  <datafield tag="040" ind1=" " ind2=" ">
    <subfield code="a">CO-MdFUSB</subfield>
    <subfield code="b">spa</subfield>
    <subfield code="c">CO-MdFUSB</subfield>
    <subfield code="d">CO-MdFUSBC</subfield>
    <subfield code="e">rda</subfield>
  </datafield>
  <datafield tag="041" ind1=" " ind2=" ">
    <subfield code="a">spa</subfield>
  </datafield>
  <datafield tag="082" ind1=" " ind2=" ">
    <subfield code="2">23</subfield>
    <subfield code="a">340.114</subfield>
    <subfield code="b">M156</subfield>
  </datafield>
  <datafield tag="100" ind1=" " ind2=" ">
    <subfield code="a">Mackenzie, Eduardo, </subfield>
    <subfield code="e">autor</subfield>
  </datafield>
  <datafield tag="245" ind1=" " ind2=" ">
    <subfield code="a">Justicia &#xBF;Misi&#xF3;n imposible? </subfield>
    <subfield code="b">: claves para comprender la crisis del sector.</subfield>
    <subfield code="c">/ Eduardo Mackenzie</subfield>
  </datafield>
  <datafield tag="250" ind1=" " ind2=" ">
    <subfield code="a">Primera edici&#xF3;n </subfield>
  </datafield>
  <datafield tag="264" ind1=" " ind2="1">
    <subfield code="a">Bogot&#xE1;, Colombia :</subfield>
    <subfield code="b">Carrera 7&#xB0;,</subfield>
    <subfield code="c">[2001]</subfield>
  </datafield>
  <datafield tag="264" ind1=" " ind2="4">
    <subfield code="c">&#xA9; 2011</subfield>
  </datafield>
  <datafield tag="300" ind1=" " ind2=" ">
    <subfield code="a">350 p&#xE1;ginas</subfield>
    <subfield code="c">; 25 cm </subfield>
  </datafield>
  <datafield tag="336" ind1=" " ind2=" ">
    <subfield code="2">rdacontent</subfield>
    <subfield code="a">texto</subfield>
    <subfield code="b">txt</subfield>
  </datafield>
  <datafield tag="337" ind1=" " ind2=" ">
    <subfield code="2">rdamedia</subfield>
    <subfield code="a">sin mediaci&#xF3;n</subfield>
    <subfield code="b">n</subfield>
  </datafield>
  <datafield tag="338" ind1=" " ind2=" ">
    <subfield code="2">rdacarrier</subfield>
    <subfield code="a">volumen</subfield>
    <subfield code="b">nc</subfield>
  </datafield>
  <datafield tag="504" ind1=" " ind2=" ">
    <subfield code="a">Incluye Referencias Bibliogr&#xE1;ficas</subfield>
  </datafield>
  <datafield tag="505" ind1=" " ind2=" ">
    <subfield code="a">Un sistema acusatorio en crisis. -- Rivalidades y choques entre las cortes. -- &#xBF;Cr&#xED;menes altruista?. -- "Computadores m&#xE1;gicos". -- &#xBF;Farc-pol&#xED;tica? no hay pruebas. -- Las ra&#xED;ces del desmadre judicial. -- Falsos dogmas sobre la constituci&#xF3;n. --  &#xBF;Manos extranjeras orientan a los jueces?. -- Justicia universal. -- El juez como actor pol&#xED;tico. -- La jurisprudencia sirve para todo. -- La presunci&#xF3;n de inocencia. -- La falacia del "nuevo constitucionalismo". -- &#xBF;Hacia un gobierno de los jueces?. -- Intimidaci&#xF3;n contra los congresistas. -- La metodolog&#xED;a "Pitirr". -- La UIP denuncia irregularidades. -- Acusados por votar un proyecto de ley. -- Los elegidos est&#xE1;n expuestos a todo. -- Magistrados contra periodistas. -- Un viraje jurisprudencial sorprendente. --La estrategia de las parcelas de poder. -- Granci y la "lenta subversion" -- La pol&#xED;tica penal de Stalin. &#xBF;una alternativa para Colombia?. -- La responsabilidad de los jueces. -- &#xBF;Hacia una Constituci&#xF3;n virtual?. -- La CSJ y sus aliados europeos.-- El proceso del Coronel Plazas Vega. --Obduliio Gaviria y Francisco Santos. -- Intrigas contra periodistas ind&#xF3;ciles. -- El saboteo de la elecci&#xF3;n del Fiscal general. -- El caso Piedad C&#xF3;rdoba y la CSJ. -- La fiscal&#xED;a y los m&#xE1;rtires de Curbarad&#xF3;. -- "Alfonso Cano", las FARC y la guerra pol&#xED;tica. --  &#xBF;La reelecci&#xF3;n de Uribe era importante?. -- El desembarco frustrado de la CPI. -- Las ONG europeas y su actividad en Colombia. --Un curioso colectivo de abogados. -- Las ideas jur&#xED;dicas de Unasur. -- &#xBF;Hay cr&#xED;menes de Estado en Colombia?-- El DAS y las "chuzadas": &#xBF;victimario o v&#xED;ctima?. -- La Macarena y su falsa "fosa com&#xFA;n" -- El retorno de la ilusi&#xF3;n de la negociaci&#xF3;n con las FARC. -- Repensar la seguridad democr&#xE1;tica. </subfield>
  </datafield>
  <datafield tag="563" ind1=" " ind2=" ">
    <subfield code="a">R&#xFA;stico</subfield>
  </datafield>
  <datafield tag="650" ind1=" " ind2="0">
    <subfield code="9">397</subfield>
    <subfield code="a">Administraci&#xF3;n de justicia</subfield>
    <subfield code="z">Colombia</subfield>
  </datafield>
  <datafield tag="650" ind1=" " ind2="0">
    <subfield code="9">397</subfield>
    <subfield code="a">Justicia</subfield>
    <subfield code="2">embne</subfield>
    <subfield code="z">Colombia</subfield>
  </datafield>
  <datafield tag="653" ind1=" " ind2=" ">
    <subfield code="a">Justicia -- Legislaci&#xF3;n</subfield>
  </datafield>
  <datafield tag="942" ind1=" " ind2=" ">
    <subfield code="c">BK</subfield>
  </datafield>
  <datafield tag="945" ind1=" " ind2=" ">
    <subfield code="a">JTF-925</subfield>
    <subfield code="b">AEM-53</subfield>
  </datafield>
</record>
